| 000 | 00941nas a2200301 4500 | ||
|---|---|---|---|
| 001 | BR0804810 | ||
| 003 | BR-BrBNA | ||
| 005 | 20231205112359.0 | ||
| 007 | ta | ||
| 008 | 230509b bl.|||p| |||| 00| 00por d | ||
| 040 |
_aBR-BrBNA _bpor _cBiblioteca Nacional de Agricultura |
||
| 041 | _a(Pt) | ||
| 072 | _aE71 | ||
| 100 | 1 | _aLopes, M. de R. | |
| 100 | 1 | _aPinho, B. de S. | |
| 245 | 1 | _aCompetitividade da agroindústria brasileira e nogociações tarifárias na ALCA | |
| 650 | _aINDÚSTRIA AGRÍCOLA | ||
| 650 | _aMERCOSUL | ||
| 650 | _aALCA | ||
| 650 | _aCADEIA PRODUTIVA | ||
| 650 | _aMERCADO EXTERIOR | ||
| 650 | _aEXPORTAÇÃO | ||
| 650 | _aTAXA | ||
| 773 | 0 |
_tRevista de Política Agrícola (Brazil) _xISSN 1413-4969 _g(Apr-May-Jun 2007), v. 16(2) p. 14-21 _wBR0804810 |
|
| 856 | 4 |
_uRev_Pol_Agr_v16_n2-2007.pdf#page=15-22 _yRecurso eletrônico (PDF) |
|
| 909 |
_a202311 _bLúcia _c55 _dLúcia Elande |
||
| 942 |
_2AGRIS _n0 _cANA |
||
| 999 |
_c197743 _d197743 |
||